000 01207nam a22001457a 4500
999 _c526126
_d526126
008 240510b ||||| |||| 00| 0 eng d
100 _aNandy, S.N.
_952305
245 _aA review of climate change and vulnerability indices of Indian states
260 _aProductivity
300 _a64(4), Jan-Mar, 2024: p.345-354
520 _aThe world has achieved a massive economic progress in the past few decades, along with population explosion and rapid urbanization/industrialization the effect of which are being realized across the world as global climate change with huge environmental impact. Though the climate change is a natural phenomenon, the release of several green house gases (GHGs) to the atmosphere through human activities has made a greater contribution to the global warming. The present paper is a review of Indian climate features/trend and their consequences across the country. Recent country-wide trends in some selected climatic parameters like rainfall and temperature have been depicted. Reproduced https://www.academia.edu/117520545/A_review_of_climate_change_and_vulnerability_indices_of_Indian_states
773 _aProductivity
906 _aCLIMATE CHANGE
942 _cAR